The art of drawing & painting horses / (Record no. 19325)
[ view plain ]
| 000 -LEADER | |
|---|---|
| fixed length control field | 02150cam a22003615i 4500 |
| 001 - CONTROL NUMBER | |
| control field | 18587953 |
| 003 - CONTROL NUMBER IDENTIFIER | |
| control field | EG-ScBUE |
| 005 - DATE AND TIME OF LATEST TRANSACTION | |
| control field | 20230104125625.0 |
| 008 - FIXED-LENGTH DATA ELEMENTS--GENERAL INFORMATION | |
| fixed length control field | 150423t2011 caua f 001 0 eng d |
| 020 ## - INTERNATIONAL STANDARD BOOK NUMBER | |
| International Standard Book Number | 9781600582370 |
| 040 ## - CATALOGING SOURCE | |
| Original cataloging agency | DLC |
| Language of cataloging | eng |
| Description conventions | rda |
| Transcribing agency | DLC |
| Modifying agency | EG-ScBUE |
| 082 04 - DEWEY DECIMAL CLASSIFICATION NUMBER | |
| Classification number | 743.696655 |
| Item number | ART |
| Edition number | 22 |
| 245 04 - TITLE STATEMENT | |
| Title | The art of drawing & painting horses / |
| Statement of responsibility, etc | by Patricia Getha [and four others] |
| 246 3# - VARYING FORM OF TITLE | |
| Title proper/short title | Art of drawing and painting horses |
| 246 34 - VARYING FORM OF TITLE | |
| Title proper/short title | Art of drawing & painting horses : |
| Remainder of title | capture the majesty of horses and ponies in pencil, oil, acrylic, watercolor & pastel |
| 264 #1 - PUBLICATION, DISTRIBUTION, ETC. (IMPRINT) | |
| Place of publication, distribution, etc | Irvine, United States : |
| Name of publisher, distributor, etc | Walter Foster Publishing / Quayside Publishing Group, |
| Date of publication, distribution, etc | [2011] |
| 264 #4 - PUBLICATION, DISTRIBUTION, ETC. (IMPRINT) | |
| Date of publication, distribution, etc | c2011 |
| 300 ## - PHYSICAL DESCRIPTION | |
| Extent | 144 pages : |
| Other physical details | illustrations ; |
| Dimensions | 30 cm. |
| 336 ## - CONTENT TYPE | |
| Source | rdacontent |
| Content type term | text |
| Content type code | txt |
| 337 ## - MEDIA TYPE | |
| Source | rdamedia |
| Media type term | unmediated |
| Media type code | n |
| 338 ## - CARRIER TYPE | |
| Source | rdacarrier |
| Carrier type term | volume |
| Carrier type code | nc |
| 490 0# - SERIES STATEMENT | |
| Series statement | Collector's series |
| 500 ## - GENERAL NOTE | |
| General note | Includes index.<br/> |
| 520 ## - SUMMARY, ETC. | |
| Summary, etc | For thousands of years, artists in cultures across the globe have been captivated by the grace and beauty of the horse, making it the subject of countless works of art. Now anyone can learn to capture the mysterious and powerful nature of this beloved animal by following the clear, easy-to-follow step-by-step instructions in this book. Whether an aspiring artist wants to draw or paint with oil, acrylic, pastel, or watercolor, this book contains all the information they need to get started. Materials and techniques specific to each of the five media in this 144-page book are clearly outlined and discussed before they are put to use in projects that any horse lover will enjoy. Beginning artists will learn all about the anatomy of the horse, features unique to different horse breeds, how to render lifelike horses in poses ranging from grazing to galloping, and much more. |
| 650 #7 - SUBJECT ADDED ENTRY--TOPICAL TERM | |
| Topical term or geographic name as entry element | Horses in art. |
| Source of heading or term | BUEsh |
| 9 (RLIN) | 37953 |
| 650 #7 - SUBJECT ADDED ENTRY--TOPICAL TERM | |
| Topical term or geographic name as entry element | Drawing |
| General subdivision | Technique. |
| Source of heading or term | BUEsh |
| 9 (RLIN) | 37954 |
| 650 #7 - SUBJECT ADDED ENTRY--TOPICAL TERM | |
| Topical term or geographic name as entry element | Painting |
| General subdivision | Technique. |
| Source of heading or term | BUEsh |
| 9 (RLIN) | 37955 |
| 651 ## - SUBJECT ADDED ENTRY--GEOGRAPHIC NAME | |
| Source of heading or term | BUEsh |
| 653 ## - INDEX TERM--UNCONTROLLED | |
| Resource For college | Communication and mass media |
| Arrived date list | May2015 |
| 655 ## - INDEX TERM--GENRE/FORM | |
| Form subdivision | Reading book |
| 700 1# - ADDED ENTRY--PERSONAL NAME | |
| Personal name | Getha, Patricia, |
| Relator term | author. |
| 9 (RLIN) | 37956 |
| 942 ## - ADDED ENTRY ELEMENTS (KOHA) | |
| Source of classification or shelving scheme | Dewey Decimal Classification |
| Call number prefix | 743.696655 ART |
| Koha item type | Book - Borrowing |
| Withdrawn status | Lost status | Source of classification or shelving scheme | Damaged status | Not for loan | Collection code | Home library | Current library | Shelving location | Date acquired | Source of acquisition | Cost, normal purchase price | Serial Enumeration / chronology | Total Checkouts | Total Renewals | Full call number | Barcode | Date last seen | Date checked out | Cost, replacement price | Price effective from | Koha item type |
|---|---|---|---|---|---|---|---|---|---|---|---|---|---|---|---|---|---|---|---|---|---|
| Dewey Decimal Classification | Alahram | Central Library | Central Library | Second Floor | 10/05/2015 | 145.00 | 436 | 3 | 10 | 743.696655 ART | 000038188 | 30/11/2025 | 16/11/2025 | 181.25 | 10/05/2015 | Book - Borrowing |